Statistiques concernant Yokai watch 1 : Rang A

Cliquez ici pour prendre le quiz!

Statistiques générales

  • Ce quiz a été pris 10 fois
  • Le résultat moyen est 18 sur 47

Statistiques - réponses

TributRéponses% Correct
MignonKomistigri
86%
MignonAppak
71%
MignonKappaloha
71%
Vaillantkapunki
71%
MystérieuxNonjuan
71%
VaillantPadelou
71%
VaillantSabri
71%
VaillantSiro
71%
BienveillantTontonerre
71%
VaillantBushidos
57%
InsaisissablePandanoko
57%
Costaudpasspa
57%
MignonSatandre
57%
InsaisissableBananar
43%
CostaudCastelius I
43%
SinistreCerbébert
43%
MystérieuxEmettor
43%
Costaudgranpart
43%
SombreHennimi
43%
InsaisissableNénunoko
43%
SombreNimpégase
43%
CostaudRobonyan
43%
InsaisissableVexturgeon
43%
SombreChauv'coucou
29%
BienveillantDédé
29%
BienveillantDédestin
29%
MignonDiamanyan
29%
MignonEmeranyan
29%
SinistreFlopito
29%
SinistreMephito
29%
SinistreMisterbide
29%
SombreNihilo
29%
Mystérieuxnuiroir
29%
BienveillantParadoxa
29%
MignonRubinyan
29%
MignonSaphinyan
29%
MignonTopanyan
29%
SombreVampiloc
29%
InsaisissableVipairflay
29%
MystérieuxDonjuant
14%
SombreGrattoptère
14%
BienveillantPotaumorose
14%
SombreTimidémon
14%
SinistreVolatriste
14%
Costaudfrérosses
0%
BienveillantHydrapapillon
0%
MignonKamaous
0%

Distribution des résultats

Percentile par nombre de réponses

% des personnes avec chaque résultat

Votre développement - résultats

Vous n’avez pas pris ce quiz